| 000 | 00606nam a2200205Ia 4500 | ||
|---|---|---|---|
| 005 | 20250508165002.0 | ||
| 008 | 008 250505s9999 xx 000 0 eng d | ||
| 020 | _a97-8818-05-9095 | ||
| 037 | _aTextual | ||
| 040 |
_aFEDL _beng _cFEDL |
||
| 041 |
_aeng _2eng |
||
| 084 |
_a954, GUH _qFEDL |
||
| 100 | _aGuha-Thakurta Tapati | ||
| 245 | 0 | _aMonuments, objects, histories: Intitutions of art in colonial and postcolonial India | |
| 260 |
_aRanikhet, India _bPermanent Black _c2007 |
||
| 300 | _axxv,404p. | ||
| 365 |
_aINR _b750 |
||
| 942 |
_cTEXL _h954, GUH |
||
| 999 |
_c1392489 _d1392489 |
||